[Event "Portugal Open 2018"]
[Site "Lisboa POR"]
[Date "2018.02.09"]
[Round "9.3"]
[White "Demchenko, Anton"]
[Black "Ghamarian, Tigran"]
[Result "1-0"]
[BlackElo "2622"]
[WhiteElo "2671"]
[LiveChessVersion "1.4.8"]

1. e4 {[%clk 1:30:57]} c5 {[%clk 1:30:50]} 2. Nf3 {[%clk 1:30:33]} d6
{[%clk 1:31:09]} 3. d4 {[%clk 1:29:52]} cxd4 {[%clk 1:31:00]} 4. Qxd4
{[%clk 1:29:59]} Nf6 {[%clk 1:31:13]} 5. Be2 {[%clk 1:29:59]} g6 {[%clk 1:31:13]}
6. O-O {[%clk 1:29:59]} Bg7 7. Rd1 {[%clk 1:30:09]} O-O {[%clk 1:29:26]} 8. Qe3
{[%clk 1:30:26]} Qc7 {[%clk 1:28:24]} 9. h3 {[%clk 1:27:58]} a6 {[%clk 1:18:26]}
10. c4 {[%clk 1:23:18]} Be6 {[%clk 1:18:26]} 11. Bd2 {[%clk 1:19:26]} Nbd7
{[%clk 0:56:39]} 12. Nd4 {[%clk 1:18:09]} Qb6 {[%clk 0:56:40]} 13. Nxe6
{[%clk 1:15:52]} Qxe3 {[%clk 0:56:08]} 14. Bxe3 {[%clk 1:16:11]} fxe6
{[%clk 0:56:31]} 15. Nc3 {[%clk 1:15:55]} Rac8 {[%clk 0:51:06]} 16. Rac1
{[%clk 1:14:17]} Rc7 {[%clk 0:43:09]} 17. g4 {[%clk 1:06:10]} Ne5
{[%clk 0:34:16]} 18. c5 {[%clk 1:02:34]} dxc5 {[%clk 0:33:30]} 19. f4
{[%clk 1:01:53]} Nc6 {[%clk 0:33:08]} 20. Bc4 {[%clk 0:53:19]} Nd8
{[%clk 0:30:47]} 21. e5 {[%clk 0:51:05]} Nd7 {[%clk 0:30:52]} 22. Ne4
{[%clk 0:38:02]} b5 {[%clk 0:30:47]} 23. Bf1 {[%clk 0:35:10]} Nf7
{[%clk 0:30:19]} 24. g5 {[%clk 0:34:06]} Rfc8 {[%clk 0:29:49]} 25. Bd2
{[%clk 0:30:22]} Kf8 {[%clk 0:27:36]} 26. Ba5 {[%clk 0:24:18]} Ra7
{[%clk 0:28:01]} 27. h4 {[%clk 0:24:31]} Ke8 {[%clk 0:27:54]} 28. Bh3
{[%clk 0:24:43]} Rc6 {[%clk 0:27:54]} 29. b3 {[%clk 0:24:11]} h6 {[%clk 0:27:29]}
30. Rc2 {[%clk 0:22:50]} hxg5 {[%clk 0:27:53]} 31. hxg5 {[%clk 0:23:16]} c4
{[%clk 0:15:34]} 32. bxc4 {[%clk 0:20:31]} bxc4 {[%clk 0:15:58]} 33. Bg2
{[%clk 0:20:10]} Rc8 {[%clk 0:15:51]} 34. Rdc1 {[%clk 0:18:58]} Nfxe5
{[%clk 0:13:23]} 35. fxe5 {[%clk 0:19:20]} Nxe5 {[%clk 0:13:50]} 36. Bc3
{[%clk 0:19:10]} Rd7 {[%clk 0:13:10]} 37. Bxe5 {[%clk 0:17:00]} Bxe5
{[%clk 0:13:37]} 38. Rxc4 {[%clk 0:16:14]} Rd1+ {[%clk 0:14:03]} 39. Rxd1
{[%clk 0:16:40]} Rxc4 {[%clk 0:14:29]} 40. Rd2 {[%clk 0:15:06]} Bf4
{[%clk 0:14:56]} 41. Re2 {[%clk 0:15:15]} e5 {[%clk 0:14:32]} 42. Bh3
{[%clk 0:15:03]} Kf7 {[%clk 0:14:12]} 43. Kg2 {[%clk 0:14:27]} a5
{[%clk 0:14:14]} 44. Kf3 {[%clk 0:11:56]} Rc1 {[%clk 0:11:52]} 45. Bd7
{[%clk 0:10:22]} Rf1+ {[%clk 0:09:53]} 46. Kg2 {[%clk 0:10:38]} Rc1
{[%clk 0:10:19]} 47. Kf2 {[%clk 0:08:44]} Rh1 {[%clk 0:09:35]} 48. Bc6
{[%clk 0:07:20]} Rh2+ {[%clk 0:04:53]} 49. Kf3 {[%clk 0:07:48]} Rh3+
{[%clk 0:05:14]} 50. Kg4 {[%clk 0:08:17]} Rd3 {[%clk 0:04:41]} 51. Ba4
{[%clk 0:08:17]} Rd4 {[%clk 0:04:15]} 52. Bb3+ {[%clk 0:08:21]} Ke8
{[%clk 0:04:32]} 53. Be6 {[%clk 0:06:45]} Kf8 {[%clk 0:04:46]} 54. Kf3
{[%clk 0:06:39]} Rd3+ {[%clk 0:04:54]} 55. Kg2 {[%clk 0:06:24]} Rd4
{[%clk 0:05:19]} 56. Nc5 {[%clk 0:06:00]} Bxg5 {[%clk 0:05:18]} 57. Bh3
{[%clk 0:05:15]} Rd2 {[%clk 0:05:19]} 58. Rxd2 {[%clk 0:04:44]} Bxd2
{[%clk 0:05:43]} 59. Nd7+ {[%clk 0:05:07]} Kf7 {[%clk 0:05:41]} 60. Kf3
{[%clk 0:04:45]} Bc3 {[%clk 0:05:25]} 61. a4 {[%clk 0:04:55]} Bd4
{[%clk 0:03:53]} 62. Ke4 {[%clk 0:05:24]} Bc3 {[%clk 0:04:18]} 63. Bg4
{[%clk 0:05:38]} Be1 {[%clk 0:04:14]} 64. Kxe5 {[%clk 0:05:57]} Bc3+
{[%clk 0:04:40]} 65. Kd5 {[%clk 0:05:14]} Be1 {[%clk 0:04:55]} 66. Be6+
{[%clk 0:05:09]} Kg7 {[%clk 0:05:24]} 67. Ke4 {[%clk 0:05:22]} Bf2
{[%clk 0:04:29]} 68. Bc4 {[%clk 0:05:24]} Bg3 {[%clk 0:03:33]} 69. Bb3
{[%clk 0:05:26]} Kh6 {[%clk 0:01:24]} 70. Ne5 {[%clk 0:04:23]} Kg7
{[%clk 0:01:14]} 71. Nc6 {[%clk 0:04:44]} Be1 {[%clk 0:01:21]} 72. Nxe7
{[%clk 0:05:08]} Kf6 {[%clk 0:01:49]} 73. Nd5+ {[%clk 0:05:22]} Kg5
{[%clk 0:02:13]} 1-0

[Event "Portugal Open 2018"]
[Site "Lisboa POR"]
[Date "2018.02.09"]
[Round "9.4"]
[White "Sevian, Samuel"]
[Black "Repka, Christopher"]
[Result "1/2-1/2"]
[BlackElo "2513"]
[WhiteElo "2617"]
[LiveChessVersion "1.4.8"]

1. e4 {[%clk 1:28:20]} e6 {[%clk 1:30:56]} 2. d4 {[%clk 1:28:29]} d5
{[%clk 1:31:22]} 3. Nd2 {[%clk 1:28:42]} Nf6 {[%clk 1:31:17]} 4. e5
{[%clk 1:29:07]} Nfd7 {[%clk 1:31:44]} 5. Bd3 {[%clk 1:29:16]} c5
{[%clk 1:32:09]} 6. c3 {[%clk 1:29:40]} Nc6 {[%clk 1:32:36]} 7. Ne2
{[%clk 1:29:58]} cxd4 {[%clk 1:33:01]} 8. cxd4 {[%clk 1:30:20]} f6
{[%clk 1:33:29]} 9. exf6 {[%clk 1:30:25]} Nxf6 {[%clk 1:33:55]} 10. Nf3
{[%clk 1:30:35]} Bd6 {[%clk 1:34:21]} 11. O-O {[%clk 1:30:37]} O-O
{[%clk 1:34:47]} 12. Bf4 {[%clk 1:30:45]} Bxf4 {[%clk 1:35:13]} 13. Nxf4
{[%clk 1:31:09]} Ne4 {[%clk 1:35:40]} 14. Qc1 {[%clk 1:30:56]} Ng5
{[%clk 1:30:26]} 15. Nxg5 {[%clk 1:31:19]} Qxg5 {[%clk 1:30:52]} 16. Bxh7+
{[%clk 1:22:48]} Kxh7 {[%clk 1:31:17]} 17. Nxe6 {[%clk 1:23:14]} Qf5
{[%clk 1:31:43]} 18. Nxf8+ {[%clk 1:23:39]} Qxf8 {[%clk 1:32:09]} 19. Qg5
{[%clk 1:24:03]} Qf5 {[%clk 1:32:36]} 20. Qxf5+ {[%clk 1:20:59]} Bxf5
{[%clk 1:33:01]} 21. Rfd1 {[%clk 1:21:24]} g5 {[%clk 1:33:27]} 22. h3
{[%clk 1:06:10]} Kg6 {[%clk 1:31:10]} 23. Rd2 {[%clk 1:04:21]} Kf6
{[%clk 1:27:24]} 24. f3 {[%clk 0:53:34]} Re8 {[%clk 1:20:53]} 25. Rc1
{[%clk 0:51:02]} Bg6 {[%clk 1:14:16]} 26. Kh2 {[%clk 0:43:09]} Rf8
{[%clk 1:11:38]} 27. g4 {[%clk 0:40:57]} Ke6 {[%clk 1:11:02]} 28. Kg3
{[%clk 0:39:22]} Kd6 {[%clk 1:11:27]} 29. Rf1 {[%clk 0:38:40]} Rf4
{[%clk 1:10:04]} 30. Rfd1 {[%clk 0:37:46]} Rf8 {[%clk 1:09:23]} 31. Rh2
{[%clk 0:37:17]} Rf4 {[%clk 1:09:20]} 32. Rhd2 {[%clk 0:35:41]} Rf8
{[%clk 1:07:35]} 33. a3 {[%clk 0:35:01]} Rf7 {[%clk 1:04:33]} 34. Rf2
{[%clk 0:34:47]} Rf4 {[%clk 1:04:59]} 35. h4 {[%clk 0:32:40]} Rxd4
{[%clk 1:03:04]} 36. Rxd4 {[%clk 0:27:56]} gxh4+ {[%clk 1:03:16]} 37. Kxh4
{[%clk 0:28:23]} Nxd4 {[%clk 1:03:40]} 38. f4 {[%clk 0:28:47]} Be4
{[%clk 0:51:18]} 39. f5 {[%clk 0:28:41]} Ke5 {[%clk 0:49:21]} 40. Kg3
{[%clk 0:28:32]} a5 {[%clk 0:33:13]} 41. Rh2 {[%clk 0:28:20]} b5 {[%clk 0:24:41]}
42. Rh8 {[%clk 0:25:58]} Ne2+ {[%clk 0:19:48]} 43. Kf2 {[%clk 0:23:47]} Nc1
{[%clk 0:19:37]} 44. Kg3 {[%clk 0:19:14]} Ne2+ {[%clk 0:18:59]} 45. Kh4
{[%clk 0:09:14]} Nd4 {[%clk 0:17:19]} 46. Kg3 {[%clk 0:08:29]} 1/2-1/2

[Event "Portugal Open 2018"]
[Site "Lisboa POR"]
[Date "2018.02.09"]
[Round "9.5"]
[White "Sanal, Vahap"]
[Black "Damaso, Rui"]
[Result "0-1"]
[BlackElo "2445"]
[WhiteElo "2551"]
[LiveChessVersion "1.4.8"]

1. e4 {[%clk 1:28:14]} d6 {[%clk 1:25:09]} 2. d4 {[%clk 1:28:19]} Nf6
{[%clk 1:25:33]} 3. Bd3 {[%clk 1:28:42]} e5 {[%clk 1:25:12]} 4. c3
{[%clk 1:28:29]} d5 {[%clk 1:25:26]} 5. dxe5 {[%clk 1:28:51]} Nxe4
{[%clk 1:25:51]} 6. Nf3 {[%clk 1:29:16]} Nc6 {[%clk 1:25:05]} 7. Nbd2
{[%clk 1:24:44]} Nc5 {[%clk 1:09:24]} 8. Bb1 {[%clk 1:25:04]} d4 {[%clk 1:01:31]}
9. cxd4 {[%clk 1:07:03]} Nxd4 {[%clk 0:59:43]} 10. Ne4 {[%clk 1:06:56]} Nxe4
{[%clk 0:50:59]} 11. Qxd4 {[%clk 1:05:15]} Qxd4 {[%clk 0:36:49]} 12. Nxd4
{[%clk 1:05:09]} Bb4+ {[%clk 0:18:33]} 13. Ke2 {[%clk 1:04:43]} Nc3+
{[%clk 0:16:43]} 14. bxc3 {[%clk 1:04:43]} Bxc3 {[%clk 0:16:43]} 15. Nb5
{[%clk 1:04:43]} Bxe5 {[%clk 0:16:43]} 16. Bd2 {[%clk 1:04:43]} Bg4+
{[%clk 0:16:43]} 17. f3 {[%clk 1:04:43]} Bd7 {[%clk 0:16:43]} 18. Nc3
{[%clk 1:04:43]} O-O-O {[%clk 0:08:26]} 19. Be4 {[%clk 0:42:23]} f5
{[%clk 0:08:35]} 20. Bc2 {[%clk 0:42:23]} Rhe8 {[%clk 0:07:53]} 21. Kd1
{[%clk 0:35:57]} Be6 {[%clk 0:08:01]} 22. Kc1 Rxd2 {[%clk 0:08:01]} 23. Kxd2
{[%clk 0:35:04]} Rd8+ {[%clk 0:06:45]} 24. Ke3 {[%clk 0:34:32]} f4+
{[%clk 0:06:45]} 25. Ke4 {[%clk 0:34:32]} Bxc3 {[%clk 0:07:10]} 26. Rad1
{[%clk 0:34:55]} Rf8 {[%clk 0:06:58]} 27. Kd3 {[%clk 0:33:05]} Ba5
{[%clk 0:06:55]} 28. Bb3 {[%clk 0:32:27]} Bf5+ {[%clk 0:07:21]} 29. Kc4
{[%clk 0:32:46]} c6 {[%clk 0:07:31]} 30. g4 {[%clk 0:30:33]} fxg3
{[%clk 0:04:22]} 31. hxg3 b5+ {[%clk 0:04:22]} 32. Kd4 {[%clk 0:30:42]} Bb6+
{[%clk 0:04:10]} 33. Kc3 {[%clk 0:30:53]} a5 {[%clk 0:04:33]} 34. Kb2 b4 35. a4
Bf2 36. g4 {[%clk 0:09:37]} Bg6 {[%clk 0:02:53]} 37. Bc2 {[%clk 0:09:37]} Rxf3
{[%clk 0:02:33]} 38. Bxg6 {[%clk 0:10:02]} hxg6 {[%clk 0:02:59]} 39. Rh8+
{[%clk 0:10:03]} Kc7 {[%clk 0:03:25]} 40. Rg8 {[%clk 0:09:20]} Rf7
{[%clk 0:03:41]} 41. Re8 {[%clk 0:08:12]} Bh4 {[%clk 0:03:50]} 42. Re4
{[%clk 0:04:24]} Rf2+ {[%clk 0:03:59]} 43. Kb3 {[%clk 0:04:49]} Bf6
{[%clk 0:04:01]} 44. Rc1 {[%clk 0:04:39]} Rf3+ {[%clk 0:04:05]} 45. Kc2 b3+ 46.
Kb1 Rf2 47. Rd1 Rb2+ 48. Kc1 Rc2+ 49. Kb1 Ra2 50. Kc1 Ra1+ 0-1

[Event "Portugal Open 2018"]
[Site "Lisboa POR"]
[Date "2018.02.09"]
[Round "9.6"]
[White "Ortega Amarelle, Mariano"]
[Black "Santos Latasa, Jaime"]
[Result "0-1"]
[BlackElo "2546"]
[WhiteElo "2447"]
[LiveChessVersion "1.4.8"]

1. d4 {[%clk 1:15:25]} Nf6 {[%clk 1:30:54]} 2. Nf3 {[%clk 1:15:44]} d5
{[%clk 1:31:18]} 3. c4 {[%clk 1:16:02]} e6 {[%clk 1:31:42]} 4. Nc3
{[%clk 1:16:21]} Bb4 {[%clk 1:32:00]} 5. Bg5 {[%clk 1:16:27]} dxc4
{[%clk 1:32:22]} 6. e4 {[%clk 1:16:36]} c5 {[%clk 1:32:47]} 7. Bxc4
{[%clk 1:15:46]} cxd4 {[%clk 1:33:12]} 8. Nxd4 {[%clk 1:15:20]} Qa5
{[%clk 1:33:36]} 9. Bxf6 {[%clk 1:14:43]} Bxc3+ {[%clk 1:34:01]} 10. bxc3
{[%clk 1:15:03]} Qxc3+ {[%clk 1:34:24]} 11. Kf1 {[%clk 1:15:22]} gxf6
{[%clk 1:34:47]} 12. Rc1 {[%clk 1:15:05]} Qa5 {[%clk 1:35:13]} 13. Bb5+
{[%clk 1:13:33]} Ke7 {[%clk 1:33:07]} 14. e5 {[%clk 1:11:43]} fxe5
{[%clk 1:28:22]} 15. Qh5 {[%clk 1:11:42]} f6 {[%clk 1:20:02]} 16. Qg4
{[%clk 0:19:33]} exd4 {[%clk 1:19:46]} 17. Qg7+ {[%clk 0:19:52]} Kd6
{[%clk 1:20:10]} 18. Qxh8 {[%clk 0:19:59]} Qxb5+ {[%clk 1:20:35]} 19. Kg1
{[%clk 0:20:15]} Nc6 {[%clk 1:20:55]} 20. h4 {[%clk 0:16:13]} Rb8
{[%clk 1:12:17]} 21. Qf8+ {[%clk 0:15:21]} Kc7 {[%clk 1:12:38]} 22. Rh3
{[%clk 0:09:02]} Qe5 {[%clk 1:11:02]} 23. Rf3 {[%clk 0:04:15]} f5
{[%clk 1:10:58]} 24. Rc5 {[%clk 0:03:42]} Qd6 {[%clk 1:11:05]} 25. Qg7+
{[%clk 0:03:47]} Bd7 {[%clk 1:11:26]} 0-1

[Event "Portugal Open 2018"]
[Site "Lisboa POR"]
[Date "2018.02.09"]
[Round "9.7"]
[White "Diermair, Andreas"]
[Black "Ozturk, Kubra"]
[Result "1-0"]
[BlackElo "2353"]
[WhiteElo "2495"]
[LiveChessVersion "1.4.8"]

1. d4 {[%clk 1:30:57]} Nf6 {[%clk 1:30:51]} 2. c4 {[%clk 1:31:24]} e6
{[%clk 1:30:59]} 3. Nc3 {[%clk 1:31:41]} d5 {[%clk 1:29:45]} 4. Bg5
{[%clk 1:28:42]} Bb4 {[%clk 1:29:08]} 5. e3 {[%clk 1:26:22]} h6 {[%clk 1:28:57]}
6. Bh4 {[%clk 1:25:23]} g5 {[%clk 1:26:58]} 7. Bg3 {[%clk 1:25:48]} Ne4
{[%clk 1:27:15]} 8. Qc2 {[%clk 1:14:12]} Nd7 {[%clk 1:23:14]} 9. Bd3
{[%clk 1:13:32]} Nxg3 {[%clk 1:19:18]} 10. hxg3 {[%clk 1:13:50]} c6
{[%clk 1:10:43]} 11. Nf3 {[%clk 1:10:32]} dxc4 {[%clk 0:36:27]} 12. Bxc4
{[%clk 1:10:09]} Qf6 {[%clk 0:36:27]} 13. Bb3 {[%clk 0:59:43]} Nf8
{[%clk 0:20:34]} 14. O-O-O {[%clk 0:55:28]} Bxc3 {[%clk 0:20:45]} 15. Qxc3
{[%clk 0:55:30]} Ng6 {[%clk 0:20:17]} 16. e4 {[%clk 0:54:06]} Bd7
{[%clk 0:17:44]} 17. Bc2 {[%clk 0:49:20]} Qg7 {[%clk 0:12:28]} 18. e5
{[%clk 0:43:43]} Ne7 {[%clk 0:09:32]} 19. Kb1 {[%clk 0:39:33]} f5
{[%clk 0:06:27]} 20. exf6 {[%clk 0:37:48]} Qxf6 {[%clk 0:06:55]} 21. Ne5
{[%clk 0:37:57]} O-O-O {[%clk 0:03:45]} 22. Qa3 {[%clk 0:34:02]} Nd5
{[%clk 0:02:38]} 23. Qxa7 {[%clk 0:32:53]} Qxf2 {[%clk 0:02:30]} 24. Nxd7
{[%clk 0:31:11]} Kxd7 {[%clk 0:01:46]} 25. Rhf1 {[%clk 0:27:15]} Qe2
{[%clk 0:01:13]} 26. Rf7+ {[%clk 0:26:12]} Ke8 {[%clk 0:01:40]} 27. Rxb7
{[%clk 0:24:45]} Rg8 {[%clk 0:01:51]} 28. Rh7 {[%clk 0:24:08]} 1-0

[Event "Portugal Open 2018"]
[Site "Lisboa POR"]
[Date "2018.02.09"]
[Round "9.8"]
[White "Venkatesh, M.R."]
[Black "Galego, Luis"]
[Result "1-0"]
[BlackElo "2481"]
[WhiteElo "2445"]
[LiveChessVersion "1.4.8"]

1. e4 {[%clk 1:26:49]} c5 {[%clk 1:30:40]} 2. b3 {[%clk 1:26:58]} Nc6
{[%clk 1:30:08]} 3. Bb2 {[%clk 1:27:23]} e6 {[%clk 1:29:47]} 4. Nf3
{[%clk 1:27:00]} d6 {[%clk 1:28:10]} 5. d4 {[%clk 1:25:13]} cxd4 {[%clk 1:28:18]}
6. Nxd4 {[%clk 1:25:40]} Nf6 {[%clk 1:26:04]} 7. Nd2 {[%clk 1:23:14]} Nxd4
{[%clk 1:25:33]} 8. Bxd4 {[%clk 1:23:37]} Be7 {[%clk 1:25:46]} 9. Bd3
{[%clk 1:22:26]} O-O {[%clk 1:25:13]} 10. Qe2 {[%clk 1:20:48]} Nd7
{[%clk 1:23:14]} 11. c3 {[%clk 1:04:26]} Ne5 {[%clk 1:21:06]} 12. O-O
{[%clk 1:03:14]} Nc6 {[%clk 1:19:59]} 13. Be3 {[%clk 1:00:33]} Bf6
{[%clk 1:17:40]} 14. Rac1 {[%clk 1:00:48]} d5 {[%clk 1:17:03]} 15. Nf3
{[%clk 1:00:47]} Qa5 {[%clk 1:15:09]} 16. b4 {[%clk 0:58:44]} Qc7
{[%clk 1:15:33]} 17. Rfe1 {[%clk 0:48:49]} h6 {[%clk 1:07:22]} 18. exd5
{[%clk 0:46:00]} exd5 {[%clk 0:40:21]} 19. Bc5 {[%clk 0:45:57]} Be6
{[%clk 0:40:25]} 20. Bxf8 {[%clk 0:45:13]} Kxf8 {[%clk 0:40:47]} 21. b5
{[%clk 0:37:55]} Na5 {[%clk 0:39:43]} 22. Nd4 {[%clk 0:38:15]} Bxd4
{[%clk 0:39:45]} 23. cxd4 {[%clk 0:38:38]} Qf4 {[%clk 0:40:05]} 24. Qe5
{[%clk 0:33:19]} Qxe5 {[%clk 0:39:21]} 25. Rxe5 {[%clk 0:32:30]} Ke7
{[%clk 0:38:27]} 26. f4 {[%clk 0:32:51]} Kd6 {[%clk 0:34:48]} 27. f5
{[%clk 0:32:51]} 1-0

[Event "Portugal Open 2018"]
[Site "Lisboa POR"]
[Date "2018.02.09"]
[Round "9.9"]
[White "Sterck, Arno"]
[Black "Nagy, Gabor"]
[Result "0-1"]
[BlackElo "2469"]
[WhiteElo "2295"]
[LiveChessVersion "1.4.8"]

1. e4 {[%clk 1:21:14]} c5 {[%clk 1:30:46]} 2. d4 {[%clk 1:21:40]} cxd4
{[%clk 1:30:57]} 3. c3 {[%clk 1:22:08]} d3 {[%clk 1:31:13]} 4. Bxd3
{[%clk 1:22:33]} Nc6 {[%clk 1:31:18]} 5. c4 {[%clk 1:22:09]} g6 {[%clk 1:31:20]}
6. Nf3 {[%clk 1:22:33]} Bg7 {[%clk 1:31:36]} 7. O-O {[%clk 1:22:57]} d6
{[%clk 1:31:11]} 8. h3 {[%clk 1:23:14]} Nf6 {[%clk 1:31:06]} 9. Nc3
{[%clk 1:23:40]} O-O {[%clk 1:30:47]} 10. Be3 {[%clk 1:24:02]} Nd7
{[%clk 1:27:13]} 11. Rc1 {[%clk 1:23:35]} Nde5 {[%clk 1:26:03]} 12. Be2
{[%clk 1:20:51]} Be6 {[%clk 1:21:17]} 13. Nd2 {[%clk 1:17:35]} Nd7
{[%clk 1:16:20]} 14. Ndb1 {[%clk 1:07:13]} Nc5 {[%clk 1:13:39]} 15. f4
{[%clk 1:04:53]} a5 {[%clk 1:01:11]} 16. e5 {[%clk 1:02:01]} b6 {[%clk 0:55:50]}
17. exd6 {[%clk 0:57:57]} exd6 {[%clk 0:56:01]} 18. Bf3 {[%clk 0:57:14]} Rc8
{[%clk 0:56:06]} 19. b3 {[%clk 0:57:31]} Re8 {[%clk 0:52:42]} 20. Re1
{[%clk 0:46:19]} Nb4 {[%clk 0:51:39]} 21. Nd5 {[%clk 0:39:41]} Bxd5
{[%clk 0:50:04]} 22. Bxd5 {[%clk 0:38:57]} Ncd3 {[%clk 0:49:27]} 23. Re2
{[%clk 0:36:58]} Nxc1 {[%clk 0:49:41]} 0-1

[Event "Portugal Open 2018"]
[Site "Lisboa POR"]
[Date "2018.02.09"]
[Round "9.10"]
[White "Kerigan, Demre"]
[Black "Spraggett, Kevin Barry"]
[Result "1/2-1/2"]
[BlackElo "2535"]
[WhiteElo "2350"]
[LiveChessVersion "1.4.8"]

1. e4 {[%clk 1:29:33]} c6 {[%clk 1:29:04]} 2. d4 {[%clk 1:29:22]} d5
{[%clk 1:29:23]} 3. exd5 {[%clk 1:29:17]} cxd5 {[%clk 1:29:46]} 4. c4
{[%clk 1:29:35]} Nf6 {[%clk 1:30:10]} 5. Nc3 {[%clk 1:29:59]} e6 {[%clk 1:30:22]}
6. c5 {[%clk 1:29:07]} Be7 {[%clk 1:30:24]} 7. Nf3 {[%clk 1:29:28]} O-O
{[%clk 1:30:18]} 8. Bf4 {[%clk 1:29:07]} b6 {[%clk 1:29:09]} 9. b4
{[%clk 1:26:30]} Ne4 {[%clk 0:57:14]} 10. Qc2 {[%clk 1:16:18]} f5
{[%clk 0:48:55]} 11. Be2 {[%clk 1:08:28]} bxc5 {[%clk 0:47:19]} 12. bxc5
{[%clk 1:08:05]} Bf6 {[%clk 0:44:13]} 13. O-O {[%clk 1:06:29]} Nc6
{[%clk 0:44:36]} 14. Rfd1 {[%clk 1:03:17]} g5 {[%clk 0:41:57]} 15. Be3
{[%clk 0:51:17]} Qe7 {[%clk 0:33:06]} 16. Bb5 {[%clk 0:45:50]} Bd7
{[%clk 0:32:12]} 17. Nxe4 {[%clk 0:24:48]} fxe4 {[%clk 0:21:55]} 18. Bxc6
{[%clk 0:22:09]} Bxc6 {[%clk 0:22:15]} 19. Ne5 {[%clk 0:22:22]} Bxe5
{[%clk 0:22:36]} 20. dxe5 {[%clk 0:22:45]} Rf5 {[%clk 0:22:42]} 21. Qe2
{[%clk 0:18:52]} h6 {[%clk 0:21:06]} 22. Rab1 {[%clk 0:18:32]} Raf8
{[%clk 0:18:58]} 23. Rb2 {[%clk 0:17:04]} Qc7 {[%clk 0:17:32]} 24. Bd4
{[%clk 0:11:56]} Kg7 {[%clk 0:14:37]} 25. Rdb1 {[%clk 0:11:44]} Kg6
{[%clk 0:14:24]} 26. Qa6 {[%clk 0:10:40]} R5f7 {[%clk 0:14:31]} 27. Qe2
{[%clk 0:10:04]} h5 {[%clk 0:14:14]} 28. h4 {[%clk 0:08:43]} gxh4
{[%clk 0:13:59]} 29. Rb3 {[%clk 0:09:00]} Rf4 {[%clk 0:12:33]} 30. Rh3
{[%clk 0:08:40]} Qa5 {[%clk 0:11:20]} 31. Rbb3 {[%clk 0:07:15]} Qa4
{[%clk 0:11:20]} 32. Qb2 {[%clk 0:06:36]} Rg4 {[%clk 0:10:34]} 33. Qd2
{[%clk 0:06:23]} Qc4 {[%clk 0:08:43]} 34. Be3 {[%clk 0:03:49]} Bb5
{[%clk 0:08:20]} 35. Rb1 {[%clk 0:03:35]} a6 {[%clk 0:08:31]} 36. Rc1
{[%clk 0:03:49]} Qa4 {[%clk 0:08:54]} 37. Kh2 {[%clk 0:03:52]} Bc4
{[%clk 0:08:01]} 38. f3 {[%clk 0:03:49]} exf3 {[%clk 0:08:16]} 39. gxf3
{[%clk 0:04:14]} Rg3 {[%clk 0:08:40]} 40. Rxg3+ {[%clk 0:02:42]} hxg3+
{[%clk 0:09:05]} 41. Kxg3 {[%clk 0:03:07]} h4+ {[%clk 0:08:51]} 42. Kxh4
{[%clk 0:02:43]} Rh8+ {[%clk 0:05:52]} 43. Kg3 {[%clk 0:03:04]} Qxa2
{[%clk 0:04:04]} 44. Qxa2 {[%clk 0:03:11]} Bxa2 {[%clk 0:04:33]} 45. Kg4
{[%clk 0:02:45]} Bc4 {[%clk 0:04:33]} 46. Rb1 {[%clk 0:02:40]} Bb5
{[%clk 0:04:35]} 47. Rc1 {[%clk 0:02:50]} Bc6 {[%clk 0:02:53]} 48. Ra1
{[%clk 0:03:09]} Bb5 {[%clk 0:03:05]} 49. Rc1 {[%clk 0:03:20]} Bc4
{[%clk 0:03:22]} 50. Rb1 {[%clk 0:03:22]} a5 {[%clk 0:02:10]} 51. Rb6
{[%clk 0:01:53]} Re8 {[%clk 0:02:38]} 52. c6 {[%clk 0:01:52]} Rc8
{[%clk 0:01:35]} 53. Bc5 {[%clk 0:01:44]} a4 {[%clk 0:01:54]} 54. Bd6
{[%clk 0:02:08]} d4 {[%clk 0:02:01]} 1/2-1/2

[Event "Portugal Open 2018"]
[Site "Lisboa POR"]
[Date "2018.02.09"]
[Round "9.11"]
[White "Mihajlov, Sebastian"]
[Black "Nevednichy, Vladislav"]
[Result "0-1"]
[BlackElo "2551"]
[WhiteElo "2378"]
[LiveChessVersion "1.4.8"]

1. d4 {[%clk 1:18:20]} Nf6 {[%clk 1:30:56]} 2. c4 {[%clk 1:18:44]} e6
{[%clk 1:31:10]} 3. Nf3 {[%clk 1:18:44]} d5 {[%clk 1:31:23]} 4. Nc3
{[%clk 1:18:53]} a6 {[%clk 1:31:12]} 5. cxd5 {[%clk 1:19:05]} exd5
{[%clk 1:31:37]} 6. Bg5 {[%clk 1:19:02]} Be6 {[%clk 1:31:37]} 7. e3
{[%clk 1:19:05]} Nbd7 {[%clk 1:31:59]} 8. Bd3 {[%clk 1:19:21]} h6
{[%clk 1:31:12]} 9. Bh4 {[%clk 1:19:39]} Bd6 {[%clk 1:31:29]} 10. O-O
{[%clk 1:19:51]} O-O {[%clk 1:31:20]} 11. Rb1 {[%clk 1:19:16]} c6
{[%clk 1:28:21]} 12. b4 {[%clk 1:19:06]} Qc7 {[%clk 1:27:58]} 13. a4
{[%clk 1:16:06]} Rfe8 {[%clk 1:18:43]} 14. Bg3 {[%clk 1:12:30]} Bxg3
{[%clk 1:19:08]} 15. hxg3 {[%clk 1:12:56]} Rac8 {[%clk 1:07:33]} 16. Qc2
{[%clk 1:10:56]} Bg4 {[%clk 1:07:00]} 17. Nh2 {[%clk 1:11:05]} Be6
{[%clk 1:04:37]} 18. Nf3 {[%clk 1:11:01]} Bg4 {[%clk 1:04:13]} 19. Nh2
{[%clk 1:11:17]} h5 {[%clk 0:59:53]} 20. Rfc1 {[%clk 1:09:55]} Qd6
{[%clk 0:57:16]} 21. b5 {[%clk 1:08:18]} axb5 {[%clk 0:44:39]} 22. axb5
{[%clk 1:08:42]} c5 {[%clk 0:45:06]} 23. dxc5 {[%clk 1:07:44]} Rxc5
{[%clk 0:40:32]} 24. Qd2 {[%clk 1:05:52]} Rec8 {[%clk 0:32:56]} 25. Nxg4
{[%clk 1:01:25]} hxg4 {[%clk 0:30:10]} 26. Bf5 {[%clk 0:56:04]} g6
{[%clk 0:25:35]} 27. Bxd7 {[%clk 0:56:27]} Qxd7 {[%clk 0:26:02]} 28. Qd3
{[%clk 0:56:50]} Ne4 {[%clk 0:23:51]} 29. Na2 {[%clk 0:55:10]} Rxc1+
{[%clk 0:15:16]} 30. Rxc1 {[%clk 0:55:35]} Rxc1+ {[%clk 0:15:28]} 31. Nxc1
{[%clk 0:56:00]} Qc7 {[%clk 0:15:25]} 32. Ne2 {[%clk 0:54:24]} Qa5
{[%clk 0:13:33]} 33. Nd4 {[%clk 0:54:25]} Qe1+ {[%clk 0:12:25]} 34. Qf1
{[%clk 0:54:51]} Qd2 {[%clk 0:12:37]} 35. Qe2 {[%clk 0:53:54]} Qxe2
{[%clk 0:12:17]} 36. Nxe2 {[%clk 0:54:15]} Kf8 {[%clk 0:12:30]} 37. f3
{[%clk 0:54:17]} Nf6 {[%clk 0:12:26]} 38. Kf2 {[%clk 0:48:44]} Ke7
{[%clk 0:12:49]} 39. Nc3 {[%clk 0:48:55]} Kd6 {[%clk 0:13:08]} 40. Ke2
{[%clk 0:48:36]} Kc5 {[%clk 0:13:07]} 41. Kd3 {[%clk 0:48:57]} Nd7
{[%clk 0:12:52]} 42. Na4+ {[%clk 0:47:29]} Kxb5 {[%clk 0:13:04]} 43. Nc3+
{[%clk 0:47:56]} Kc5 {[%clk 0:13:27]} 44. Na4+ {[%clk 0:48:23]} Kd6
{[%clk 0:13:38]} 45. Kd4 {[%clk 0:48:10]} Ne5 {[%clk 0:13:23]} 46. fxg4
{[%clk 0:48:17]} b5 {[%clk 0:12:37]} 47. Nc3 {[%clk 0:47:05]} Nc6+
{[%clk 0:13:02]} 48. Kd3 {[%clk 0:47:34]} Kc5 {[%clk 0:12:45]} 49. g5
{[%clk 0:46:59]} Ne5+ {[%clk 0:12:52]} 50. Kc2 {[%clk 0:47:16]} Ng4
{[%clk 0:12:34]} 51. Nd1 {[%clk 0:46:31]} Ne5 {[%clk 0:11:56]} 52. Kb3
{[%clk 0:45:14]} Nc4 {[%clk 0:11:48]} 53. Kc3 {[%clk 0:45:11]} Nxe3
{[%clk 0:11:42]} 0-1